LEADER 01144nam a2200229 i 4500 001 000000154929 003 CaOOAMICUS 005 20061028000000.0 008 061028s1979 it u000 u ita u 013 $a132278 040 $aSeMil$bita 100 1 $aFumagalli, Alberto.$0(OLS)http://semarc/name/30213 245 10$aMirabilia Romae :$bil centro storico nell'arte attraverso i secoli /$ctesti di : Alberto Fumagalli ; con la presentazione di Pier Maria Lugli ; le cartine sono di Francesco Ciardini. 260 $aMilano :$bCassa di Risparmio delle Provincie Lombarde,$ccopyr. 1979. 300 $a317 p. :$bill. ;$c37 cm. 650 4$aRoma - Arte.$0(OLS)http://semarc/subject/2756 700 1 $aCiardini, Francesco.$0(OLS)http://semarc/name/60593 700 1 $aLugli, Pier Maria.$0(OLS)http://semarc/name/60592 850 $aSeMil 852 $aSeMil$W1$xVenegono$y1$m5I X 34$j106780$B106780$CSeMilBibl$Z2$F116044 $8I 996 $6245$aMirabilia Romae :$bil centro storico nell'arte attraverso i secoli$9(OLS)http://semarc/title/226824 996 $6260$aMilano :$bCassa di Risparmio delle Provincie Lombarde$9(OLS)http://semarc/publisher/34481 LEADER 00781nam a2200217 i 4500 001 000000175117 003 CaOOAMICUS 005 20250519115959.0 008 081023s1982 it u000 u ita u 013 $a152594 040 $aSeMil$bita 245 10$a1. 260 $aRoma :$bA. Belardetti,$cstampa 1982. 300 $a408 p. ;$c25 cm. 773 0 $aSavonarola, Girolamo $tScritti filosofici.$dRoma : A. Belardetti, stampa 1982.$g1$w()20169 850 $aSeMil 852 $aSeMil$W1$xVenegono$y1$m2LL I 78$j257320$B125942$CSeMilBibl$Z2$F137030 $81 961 $aAcquisto: Belardetti 996 $6245$a1$9(OLS)http://semarc/title/6508 996 $6260$aRoma :$bA. Belardetti$9(OLS)http://semarc/publisher/30325